[Event "Montcalm I 2014-15"]
[Site "Quebec CAN"]
[Date "2014.10.02"]
[Round "5"]
[White "Lamontagne, Danny"]
[Black "Dube, Daniel"]
[Result "1-0"]
[WhiteElo "1889"]
[BlackElo "1819"]
[PlyCount "123"]
[EventDate "2014.09.04"]
[EventType "swiss"]
[EventRounds "5"]
[EventCountry "CAN"]

1. e4 e6 2. d4 d5 3. Nc3 Bb4 4. e5 c5 5. Bd2 Nc6 6. Nb5 Bxd2+ 7. Qxd2 cxd4 8.
Nd6+ Kf8 9. f4 Nh6 10. Nf3 f6 11. Bd3 Nf7 12. Nxf7 Kxf7 13. O-O Qb6 14. Qf2 Bd7
15. Ng5+ fxg5 16. fxg5+ Ke7 17. Qf7+ Kd8 18. Qxg7 Kc7 19. Rf7 Rhd8 20. Kh1 Qxb2
21. Raf1 Rac8 22. Bxh7 d3 23. cxd3 Qxe5 24. g6 Qxg7 25. Rxg7 Kd6 26. h4 Ne5 27.
d4 Ng4 28. Rgf7 Nh6 29. R7f4 Nf5 30. Kh2 Rc2 31. g7 Rcc8 32. Bxf5 exf5 33. h5
Ke7 34. g4 Kf7 35. h6 Kg6 36. g5 Rg8 37. Rg1 Rc2+ 38. Kh1 Re2 39. Rh4 Re4 40.
Rh2 Re7 41. h7 Rexg7 42. hxg8=Q Rxg8 43. Rh6+ Kg7 44. Rd6 Bc6 45. Rf1 Rh8+ 46.
Kg2 Rh4 47. Rxf5 Rxd4 48. Re5 Rd2+ 49. Kg3 Rxa2 50. Re7+ Kf8 51. Rh7 Kg8 52. g6
Re2 53. Rd8+ Re8 54. Rd6 a5 55. Rf6 Rf8 56. Rhf7 Rxf7 57. gxf7+ Kf8 58. Kf4 a4
59. Ke5 a3 60. Ke6 d4 61. Rg6 Bd5+ 62. Kxd5 1-0

[Event "Montcalm II 2014-15"]
[Site "Quebec CAN"]
[Date "2014.10.09"]
[Round "1"]
[White "Bender, Karl"]
[Black "Badeaux, Yan"]
[Result "0-1"]
[WhiteElo "1627"]
[BlackElo "1498"]
[PlyCount "44"]
[EventDate "2014.10.09"]
[EventType "tourn"]
[EventRounds "5"]
[EventCountry "CAN"]

1. d4 d5 2. Nf3 e6 3. g3 c5 4. c3 Nf6 5. Bg2 Nc6 6. O-O Be7 7. Nbd2 O-O 8. Re1
Bd7 9. e4 dxe4 10. Nxe4 cxd4 11. Nxd4 Nd5 12. Nb3 Qb6 13. c4 Nf6 14. c5 Qc7 15.
Nxf6+ Bxf6 16. Qd6 Qxd6 17. cxd6 Rad8 18. Nc5 Na5 19. Bd2 Nc4 20. Bc3 Nxd6 21.
Bxf6 gxf6 22. Rad1 Bc6 0-1

[Event "Montcalm II 2014-15"]
[Site "Quebec CAN"]
[Date "2014.10.09"]
[Round "1"]
[White "Bonneau, Daniel"]
[Black "Lamontagne, Danny"]
[Result "1/2-1/2"]
[WhiteElo "2000"]
[BlackElo "1906"]
[PlyCount "97"]
[EventDate "2014.10.09"]
[EventType "tourn"]
[EventRounds "5"]
[EventCountry "CAN"]

1. Nf3 Nf6 2. g3 g6 3. Bg2 Bg7 4. O-O O-O 5. d3 d5 6. Nbd2 Nbd7 7. e4 dxe4 8.
dxe4 e5 9. c3 Re8 10. Qc2 c6 11. Nc4 b5 12. Nd6 Re6 13. Rd1 Qc7 14. Nxc8 Rxc8
15. h3 Nc5 16. Ng5 Rd6 17. Be3 Rxd1+ 18. Rxd1 Qe7 19. b4 Na4 20. Nf3 c5 21. Qb3
c4 22. Qc2 Nxe4 23. Qxe4 Nxc3 24. Qc2 Nxd1 25. Qxd1 Qxb4 26. Qd7 Rf8 27. Qxa7
Qb1+ 28. Kh2 c3 29. Qa3 b4 30. Qb3 c2 31. Nd2 Qxb3 32. Nxb3 Rc8 33. Kg1 f5 34.
Bd5+ Kf8 35. Kf1 e4 36. Ke2 Bb2 37. Nc1 Rd8 38. Bb3 Rd1 39. Bxc2 Rxc1 40. Bxc1
Bxc1 41. Kd1 Bg5 42. Bb3 Kg7 43. Ke2 Be7 44. f3 exf3+ 45. Kxf3 Kf6 46. g4 fxg4+
47. hxg4 h5 48. gxh5 gxh5 49. Kg3 1/2-1/2

[Event "Montcalm II 2014-15"]
[Site "Quebec CAN"]
[Date "2014.10.09"]
[Round "1"]
[White "Boulianne, Gabriel"]
[Black "Bluteau, Yvon"]
[Result "1/2-1/2"]
[WhiteElo "1819"]
[BlackElo "1756"]
[PlyCount "138"]
[EventDate "2014.10.09"]
[EventType "tourn"]
[EventRounds "5"]
[EventCountry "CAN"]

1. e4 b6 2. c4 Bb7 3. Nc3 c5 4. g3 Nc6 5. Bg2 g6 6. Nge2 Bg7 7. O-O d6 8. d3
Nf6 9. h3 O-O 10. Be3 Ne8 11. d4 cxd4 12. Nxd4 Nc7 13. Qd2 Qd7 14. Rad1 Ne6 15.
Nxc6 Bxc6 16. b4 Rfd8 17. f4 Rac8 18. Rc1 Nc7 19. Rfd1 Qe8 20. b5 Bd7 21. a4
Ne6 22. Nd5 Nc5 23. Bd4 Bxd4+ 24. Qxd4 Nb3 25. Qe3 Nxc1 26. Rxc1 Be6 27. Nb4
Qf8 28. Nc6 Rd7 29. e5 dxe5 30. Qxe5 Qg7 31. Qe2 Qf6 32. Ne5 Rdc7 33. Nc6 Kf8
34. Rd1 Bd7 35. Ne5 Be8 36. Nc6 Bxc6 37. Bxc6 Rxc6 38. bxc6 Qxc6 39. Qe5 f6 40.
Qd4 Qxa4 41. Re1 Qxc4 42. Qd7 Qc5+ 43. Kf1 Qc7 44. Rxe7 Qxd7 45. Rxd7 Ra8 46.
Rxh7 Kg8 47. Rb7 a5 48. Rxb6 a4 49. Rb2 Kf7 50. Ra2 Ke6 51. Ke2 Kd5 52. Kd3 Kc5
53. Kc3 Kd5 54. Ra3 Ke4 55. Kb2 Rb8+ 56. Ka2 Rb4 57. Rc3 Kd5 58. Rd3+ Kc5 59.
Re3 Rb3 60. Re6 Rxg3 61. Rxf6 Kb4 62. Rb6+ Kc5 63. Rf6 a3 64. f5 g5 65. Rg6 Kb4
66. Rb6+ Ka4 67. Ra6+ Kb4 68. Rb6+ Ka4 69. Ra6+ Kb4 1/2-1/2

[Event "Montcalm II 2014-15"]
[Site "Quebec CAN"]
[Date "2014.10.09"]
[Round "1"]
[White "Dube, Daniel"]
[Black "Bourassa, Andre"]
[Result "1-0"]
[WhiteElo "1806"]
[BlackElo "1801"]
[PlyCount "45"]
[EventDate "2014.10.09"]
[EventType "tourn"]
[EventRounds "5"]
[EventCountry "CAN"]

1. e4 c5 2. Nf3 d6 3. d4 cxd4 4. Nxd4 Nf6 5. Nc3 a6 6. h3 b5 7. Nd5 e6 8. Nxf6+
Qxf6 9. Be3 Bb7 10. c4 bxc4 11. Qa4+ Nd7 12. Bxc4 Qd8 13. O-O Ke7 14. Bg5+ Nf6
15. e5 dxe5 16. Nf5+ exf5 17. Qb4+ Ke8 18. Qxb7 Be7 19. Bxf6 gxf6 20. Rfd1 Qc8
21. Qd5 Rf8 22. Rac1 Bc5 23. Bb3 1-0

[Event "Montcalm II 2014-15"]
[Site "Quebec CAN"]
[Date "2014.10.09"]
[Round "1"]
[White "Gaulin, Gaetan"]
[Black "Plante, Rejean"]
[Result "1/2-1/2"]
[WhiteElo "1989"]
[BlackElo "2026"]
[PlyCount "50"]
[EventDate "2014.10.09"]
[EventType "tourn"]
[EventRounds "5"]
[EventCountry "CAN"]

1. Nf3 d5 2. d4 c6 3. g3 e6 4. Bg2 f5 5. O-O Nf6 6. c4 Bd6 7. cxd5 exd5 8. Nc3
O-O 9. Bf4 Na6 10. Bxd6 Qxd6 11. e3 Nc7 12. Rc1 Ne4 13. Ne5 Ne6 14. Nxe4 fxe4
15. f3 exf3 16. Rxf3 Bd7 17. Rxf8+ Rxf8 18. Nxd7 Qxd7 19. Qg4 Qe7 20. Rf1 g6
21. h4 Kg7 22. Rxf8 Kxf8 23. Bh3 Kf7 24. Kf2 h5 25. Qf3+ Qf6 1/2-1/2

[Event "Montcalm II 2014-15"]
[Site "Quebec CAN"]
[Date "2014.10.09"]
[Round "1"]
[White "Leblanc-Legault, Mathieu"]
[Black "Genest, Dominic"]
[Result "0-1"]
[WhiteElo "1467"]
[BlackElo "1494"]
[PlyCount "112"]
[EventDate "2014.10.09"]
[EventType "tourn"]
[EventRounds "5"]
[EventCountry "CAN"]

1. d4 Nf6 2. c4 g6 3. Nc3 Bg7 4. Nf3 d6 5. e4 Nbd7 6. Bf4 c5 7. d5 O-O 8. Bd3
Ng4 9. Qd2 Nge5 10. Be2 f5 11. Bh6 Nxf3+ 12. gxf3 Ne5 13. h4 Nf7 14. Bxg7 Kxg7
15. O-O-O Ne5 16. h5 f4 17. hxg6 hxg6 18. Rdg1 e6 19. dxe6 Bxe6 20. Nd5 Bxd5
21. Qxd5 Qe7 22. Rh2 Rad8 23. Rgh1 Rh8 24. Qd1 Rxh2 25. Rxh2 Qg5 26. Qh1 Kf6
27. Rh7 Nf7 28. Qh2 Qe5 29. Qh4+ g5 30. Qh5 Rf8 31. Qh3 Qe6 32. Bf1 Qxh3 33.
Bxh3 Rh8 34. Rxh8 Nxh8 35. a3 Ke5 36. Kd2 Kd4 37. Be6 Ng6 38. Bd5 b6 39. b4 Ne5
40. Ke2 Nxc4 41. bxc5 dxc5 42. Bxc4 Kxc4 43. Kd2 Kd4 44. Kc2 b5 45. Kb3 a5 46.
Kc2 c4 47. Kb2 b4 48. axb4 axb4 49. Kc2 b3+ 50. Kb2 c3+ 51. Kc1 g4 52. fxg4
Kxe4 53. f3+ Kxf3 54. g5 Ke2 55. g6 f3 56. g7 f2 0-1

[Event "Montcalm II 2014-15"]
[Site "Quebec CAN"]
[Date "2014.10.09"]
[Round "1"]
[White "Marquis, Paul"]
[Black "Bergeron, Marc"]
[Result "0-1"]
[WhiteElo "1985"]
[BlackElo "1956"]
[PlyCount "64"]
[EventDate "2014.10.09"]
[EventType "tourn"]
[EventRounds "5"]
[EventCountry "CAN"]

1. c4 e5 2. Nc3 Nf6 3. Nf3 Nc6 4. g3 Bb4 5. Nd5 Bc5 6. Bg2 O-O 7. O-O d6 8.
Nxf6+ Qxf6 9. d3 h6 10. Rb1 a5 11. Be3 Nd4 12. Nd2 Qg6 13. Bxd4 Bxd4 14. e3 Bb6
15. Ne4 f5 16. Nc3 c6 17. Na4 Bc7 18. f4 Be6 19. b3 Rad8 20. d4 e4 21. c5 dxc5
22. Nxc5 Bc8 23. Qc2 b6 24. Na4 Ba6 25. Rfd1 Rd6 26. Nb2 b5 27. a4 Bb6 28. Bf1
h5 29. Qg2 Rfd8 30. axb5 cxb5 31. Na4 Ba7 32. Rdc1 bxa4 0-1

[Event "Montcalm II 2014-15"]
[Site "Quebec CAN"]
[Date "2014.10.09"]
[Round "1"]
[White "Ripoll, Arthur"]
[Black "Dumont, Eric"]
[Result "1-0"]
[WhiteElo "1744"]
[BlackElo "1707"]
[PlyCount "139"]
[EventDate "2014.10.09"]
[EventType "tourn"]
[EventRounds "5"]
[EventCountry "CAN"]

1. e4 c6 2. d4 d5 3. e5 Bf5 4. h4 h5 5. Bg5 Qb6 6. Bd3 Bxd3 7. Qxd3 e6 8. Nf3
Qxb2 9. O-O Qxa1 10. Qb3 b6 11. Bd2 a5 12. Nc3 Qxf1+ 13. Kxf1 Nd7 14. Na4 Rb8
15. Qc3 Ne7 16. Ng5 g6 17. g3 Bg7 18. Qa3 Nf5 19. Nf3 Bf8 20. Qc3 Rc8 21. Qb3
b5 22. Nb2 a4 23. Qd3 a3 24. Nd1 Nb6 25. Ne3 Nxe3+ 26. Bxe3 Nc4 27. Bg5 Be7 28.
Kg2 Kd7 29. Bxe7 Kxe7 30. Ng5 Rcf8 31. Qb3 Kd7 32. Qb4 f6 33. exf6 Rxf6 34. Qc5
Ra8 35. Qb4 Raf8 36. f4 Ra8 37. Qc3 Ra4 38. Qd3 Rb4 39. Nf3 Rb2 40. Ne5+ Nxe5
41. dxe5 Rf5 42. Qxa3 Rxc2+ 43. Kf3 c5 44. Qa7+ Ke8 45. Qb8+ Kf7 46. Qxb5 Rxa2
47. Qd7+ Kf8 48. Qxe6 Ra3+ 49. Kg2 Ra2+ 50. Kh3 Ra3 51. Qxd5 Rc3 52. Qd6+ Kg7
53. e6 Re3 54. Qd7+ Kf8 55. Qd8+ Kg7 56. e7 Rxe7 57. Qxe7+ Kg8 58. Kg2 Kh8 59.
Kf3 Kg8 60. Ke3 Kh8 61. Ke4 Kg8 62. Qe6+ Kg7 63. Qxf5 gxf5+ 64. Kxf5 Kf7 65.
Ke5 Ke7 66. Kd5 c4 67. Kxc4 Ke6 68. Kd4 Kf5 69. Ke3 Kg4 70. Ke4 1-0

[Event "Montcalm II 2014-15"]
[Site "Quebec CAN"]
[Date "2014.10.16"]
[Round "2"]
[White "Abran, David"]
[Black "Dube, Daniel"]
[Result "1-0"]
[WhiteElo "1835"]
[BlackElo "1806"]
[PlyCount "80"]
[EventDate "2014.10.09"]
[EventType "tourn"]
[EventRounds "5"]
[EventCountry "CAN"]

1. Nf3 Nc6 2. d4 d5 3. c4 e5 4. Nxe5 Nxe5 5. dxe5 d4 6. g3 Be6 7. Bg2 c6 8. b3
f6 9. exf6 Qxf6 10. Qd3 O-O-O 11. O-O Bf5 12. Be4 Bxe4 13. Qxe4 d3 14. Bf4 dxe2
15. Qxe2 Bc5 16. Qg4+ Rd7 17. Rd1 Bd4 18. Nc3 Nh6 19. Qh3 g5 20. Ne4 Qg6 21.
Rxd4 g4 22. Qxh6 Rxd4 23. Qxg6 hxg6 24. Be5 Rhd8 25. Bxd4 Rxd4 26. Re1 a5 27.
a4 Kc7 28. Re3 Kb6 29. Kg2 Rd1 30. h3 gxh3+ 31. Kxh3 Rb1 32. Kg4 Kc7 33. Kg5 b5
34. cxb5 cxb5 35. axb5 Rb2 36. Kxg6 Kb6 37. f4 Kxb5 38. f5 Kc6 39. f6 a4 40. f7
a3 1-0

[Event "Montcalm II 2014-15"]
[Site "Quebec CAN"]
[Date "2014.10.16"]
[Round "2"]
[White "Badeaux, Yan"]
[Black "Gagnon, Stephane"]
[Result "1-0"]
[WhiteElo "1498"]
[BlackElo "1549"]
[PlyCount "73"]
[EventDate "2014.10.09"]
[EventType "tourn"]
[EventRounds "5"]
[EventCountry "CAN"]

1. e4 e5 2. Nf3 Nc6 3. d4 exd4 4. Nxd4 Nf6 5. Nc3 Bc5 6. Be3 Bb6 7. Nxc6 bxc6
8. Bxb6 cxb6 9. Qf3 Qe7 10. O-O-O O-O 11. Bd3 d6 12. h3 Bb7 13. Rhe1 b5 14. Ne2
Nd7 15. Ng3 Ne5 16. Nf5 Qe6 17. Qg3 g6 18. b3 Kh8 19. Nd4 Qf6 20. Kb1 a5 21. f4
Nxd3 22. Rxd3 a4 23. e5 dxe5 24. fxe5 Qe7 25. e6 f6 26. Qh4 axb3 27. Nxb3 Bc8
28. Nd4 Ra4 29. Nxc6 Rxh4 30. Nxe7 Bb7 31. g4 f5 32. gxf5 gxf5 33. Nxf5 Rxf5
34. Rd8+ Kg7 35. Rd7+ Kf6 36. Rxb7 Rb4+ 37. Kc1 1-0

[Event "Montcalm II 2014-15"]
[Site "Quebec CAN"]
[Date "2014.10.16"]
[Round "2"]
[White "Bluteau, Yvon"]
[Black "Bourassa, Andre"]
[Result "0-1"]
[WhiteElo "1756"]
[BlackElo "1801"]
[PlyCount "54"]
[EventDate "2014.10.09"]
[EventType "tourn"]
[EventRounds "5"]
[EventCountry "CAN"]

1. b3 d5 2. Bb2 c5 3. e3 e6 4. Nf3 Nf6 5. Na3 a6 6. c4 Bd6 7. g3 Nc6 8. d4 cxd4
9. Bg2 Bxa3 10. Bxa3 Qa5+ 11. Qd2 Qxa3 12. O-O dxe3 13. fxe3 dxc4 14. bxc4 O-O
15. Rae1 Rd8 16. Qc2 Qd3 17. Qc1 Qd6 18. c5 Qe7 19. Qc2 h6 20. Nd2 Bd7 21. Rb1
Be8 22. Rb3 Rab8 23. Rfb1 Qc7 24. Qb2 Na5 25. Rc3 Bc6 26. e4 Qe5 27. Qc2 Qd4+
0-1

[Event "Montcalm II 2014-15"]
[Site "Quebec CAN"]
[Date "2014.10.16"]
[Round "2"]
[White "Bonneau, Daniel"]
[Black "Gaulin, Gaetan"]
[Result "1/2-1/2"]
[WhiteElo "2000"]
[BlackElo "1989"]
[PlyCount "94"]
[EventDate "2014.10.09"]
[EventType "tourn"]
[EventRounds "5"]
[EventCountry "CAN"]

1. e4 c5 2. Nf3 d6 3. d4 cxd4 4. Nxd4 Nf6 5. Nc3 a6 6. Bc4 e6 7. Bb3 Be7 8. g4
h6 9. Be3 Qc7 10. Qe2 Nc6 11. Rg1 Bd7 12. O-O-O Na5 13. g5 hxg5 14. Rxg5 Nxb3+
15. axb3 g6 16. f4 Bc6 17. f5 gxf5 18. exf5 e5 19. Nxc6 Qxc6 20. Rg7 d5 21. Bg5
d4 22. Bxf6 Qxf6 23. Nd5 Qd6 24. Qe4 O-O-O 25. c4 Rh4 26. Rg4 Rdh8 27. f6 Bxf6
28. Qf5+ Kd8 29. Qxf6+ Qxf6 30. Nxf6 Rxh2 31. Rd2 Rh1+ 32. Kc2 Rf1 33. Nd5 Kd7
34. Rgg2 Kd6 35. Rdf2 Rhh1 36. Rxf1 Rxf1 37. Kd3 Kc5 38. Ke2 Rf5 39. Rf2 Rxf2+
40. Kxf2 b5 41. Nc7 bxc4 42. Nxa6+ Kb5 43. Nc7+ Kb4 44. bxc4 Kxc4 45. Ke2 Kb3
46. Kd3 Kxb2 47. Nb5 Kb3 1/2-1/2

[Event "Montcalm II 2014-15"]
[Site "Quebec CAN"]
[Date "2014.10.16"]
[Round "2"]
[White "Boulianne, Gabriel"]
[Black "May, Oliver"]
[Result "0-1"]
[WhiteElo "1819"]
[BlackElo "1811"]
[PlyCount "76"]
[EventDate "2014.10.09"]
[EventType "tourn"]
[EventRounds "5"]
[EventCountry "CAN"]

1. e4 e5 2. Nf3 Nc6 3. Bb5 a6 4. Ba4 b5 5. Bb3 Bb7 6. c3 d6 7. O-O Na5 8. Bc2
Nf6 9. Re1 Be7 10. d4 exd4 11. cxd4 O-O 12. a4 c5 13. d5 Nc4 14. axb5 axb5 15.
Rxa8 Qxa8 16. Qd3 Ba6 17. b3 Nb6 18. Nbd2 Bd8 19. Bb2 Nbd7 20. e5 dxe5 21. Nxe5
Re8 22. Kf1 Nxe5 23. Rxe5 Rxe5 24. Bxe5 Qxd5 25. Qe2 Qe6 26. Bd3 Ng4 27. f4
Nxh2+ 28. Kg1 Ng4 29. Qe4 Nxe5 30. Qxh7+ Kf8 31. fxe5 Qxe5 32. Qh8+ Ke7 33.
Qh4+ f6 34. Nf3 Qe3+ 35. Kh2 Qxd3 36. Ne5 Bc7 37. g3 Bxe5 38. Qg4 Qxg3+ 0-1

[Event "Montcalm II 2014-15"]
[Site "Quebec CAN"]
[Date "2014.10.16"]
[Round "2"]
[White "Genest, Dominic"]
[Black "Bourdeau, Yvan"]
[Result "1-0"]
[WhiteElo "1494"]
[BlackElo "1436"]
[PlyCount "65"]
[EventDate "2014.10.09"]
[EventType "tourn"]
[EventRounds "5"]
[EventCountry "CAN"]

1. c4 Nf6 2. Nc3 e6 3. g3 Bb4 4. Bg2 O-O 5. e3 c6 6. Nge2 d5 7. cxd5 exd5 8. a3
Bd6 9. b4 Bf5 10. d3 Re8 11. f3 Bf8 12. Nd4 Bg6 13. Bh3 Qb6 14. O-O Nbd7 15. f4
h6 16. f5 Bh7 17. Nde2 Rad8 18. d4 Qc7 19. Nf4 Qd6 20. Ra2 Kh8 21. Qf3 Ne4 22.
Nxe4 Rxe4 23. Nh5 Nf6 24. Bg2 Qc7 25. Nxf6 gxf6 26. Qh5 Ree8 27. Rf4 Bg7 28.
Rh4 Qe7 29. e4 dxe4 30. Bxh6 Rg8 31. Be3 Bh6 32. Bxh6 Rg6 33. Bf8 1-0

[Event "Montcalm II 2014-15"]
[Site "Quebec CAN"]
[Date "2014.10.16"]
[Round "2"]
[White "Plante, Rejean"]
[Black "Marquis, Paul"]
[Result "1-0"]
[WhiteElo "2026"]
[BlackElo "1985"]
[PlyCount "89"]
[EventDate "2014.10.09"]
[EventType "tourn"]
[EventRounds "5"]
[EventCountry "CAN"]

1. e4 d6 2. d4 Nf6 3. Nc3 g6 4. h3 Bg7 5. Be3 c6 6. Qd2 b5 7. Bd3 Nbd7 8. Nf3
Qa5 9. O-O Nb6 10. e5 Nfd7 11. exd6 exd6 12. Nxb5 Qxd2 13. Nxd6+ Ke7 14. Nxc8+
Rhxc8 15. Bxd2 Kf8 16. Bf4 a5 17. c4 Kg8 18. Rad1 Nf8 19. b3 Ne6 20. Be5 f6 21.
Bd6 Rd8 22. c5 Nd5 23. Bc4 Bf8 24. Rfe1 Kf7 25. Bxd5 cxd5 26. Bxf8 Rxf8 27. Re3
Rfc8 28. Ne1 Rab8 29. Nc2 Nd8 30. a3 Nc6 31. Rb1 Rc7 32. b4 Rcb7 33. Rbe1 axb4
34. axb4 Rd7 35. Rb1 Rdb7 36. Reb3 Rb5 37. Ra3 f5 38. Kf1 R8b7 39. Ra4 Ke6 40.
f4 h6 41. Ke2 g5 42. fxg5 hxg5 43. Kd3 f4 44. Kc3 Rg7 45. Na3 1-0

[Event "Montcalm II 2014-15"]
[Site "Quebec CAN"]
[Date "2014.10.16"]
[Round "2"]
[White "Ripoll, Arthur"]
[Black "Cummins, Paul"]
[Result "0-1"]
[WhiteElo "1744"]
[BlackElo "1743"]
[PlyCount "68"]
[EventDate "2014.10.09"]
[EventType "tourn"]
[EventRounds "5"]
[EventCountry "CAN"]

1. d4 e6 2. c4 Nf6 3. Nc3 d5 4. Bg5 c6 5. Nf3 Nbd7 6. e3 Qa5 7. a3 Ne4 8. Qc2
Nxg5 9. Nxg5 dxc4 10. f4 b5 11. Rd1 h6 12. Nf3 Bb7 13. f5 O-O-O 14. Kf2 Nf6 15.
fxe6 fxe6 16. Be2 Ng4+ 17. Kg1 Nxe3 18. Qe4 Nxd1 19. Qxe6+ Kb8 20. Bxd1 Bd6 21.
Kf2 Rhe8 22. Qg6 c5 23. d5 b4 24. Ne4 Qc7 25. Ba4 Rf8 26. Rd1 Bc8 27. Nxd6 Rxd6
28. Qc2 c3 29. bxc3 c4 30. axb4 Qb6+ 31. Kf1 g5 32. Ke2 Bf5 33. Qa2 Bd3+ 34.
Ke1 Qe3+ 0-1

[Event "Montcalm II 2014-15"]
[Site "Quebec CAN"]
[Date "2014.10.23"]
[Round "3"]
[White "Bergeron, Marc"]
[Black "Plante, Rejean"]
[Result "0-1"]
[WhiteElo "1956"]
[BlackElo "2026"]
[PlyCount "104"]
[EventDate "2014.10.09"]
[EventType "tourn"]
[EventRounds "5"]
[EventCountry "CAN"]

1. c4 Nf6 2. g3 e6 3. Nf3 d5 4. Bg2 Be7 5. O-O O-O 6. d4 Nbd7 7. cxd5 exd5 8.
Nc3 Re8 9. Bf4 c6 10. Qc2 Nf8 11. h3 Ng6 12. Bg5 h6 13. Bxf6 Bxf6 14. e3 Be7
15. Na4 Bd6 16. Qc3 Qf6 17. Nd2 Qe7 18. a3 h5 19. e4 dxe4 20. Rfe1 f5 21. Re3
Be6 22. f3 Bxg3 23. fxe4 Bf4 24. Ree1 Qg5 25. Nf3 Qg3 26. Nc5 Bc7 27. Ne5 Qxc3
28. bxc3 Nxe5 29. Nxe6 Rxe6 30. exf5 Rf6 31. dxe5 Rxf5 32. e6 Re8 33. Re4 Be5
34. h4 Bxc3 35. Rb1 Re7 36. Bh3 Rd5 37. Rb3 Bf6 38. a4 Rd4 39. Rxd4 Bxd4+ 40.
Kg2 c5 41. Bf5 Kf8 42. Kf3 c4 43. Rb5 Rc7 44. Rd5 Bf6 45. Rd7 Rxd7 46. exd7
Bxh4 47. Ke4 c3 48. Kd3 Bf6 49. d8=Q+ Bxd8 50. Kxc3 Kf7 51. Kd4 Kf6 52. Ke4 Kg5
0-1

[Event "Montcalm II 2014-15"]
[Site "Quebec CAN"]
[Date "2014.10.23"]
[Round "3"]
[White "Bernatchez, Lucas"]
[Black "Genest, Dominic"]
[Result "0-1"]
[WhiteElo "1433"]
[BlackElo "1494"]
[PlyCount "62"]
[EventDate "2014.10.09"]
[EventType "tourn"]
[EventRounds "5"]
[EventCountry "CAN"]

1. d4 d5 2. c4 e6 3. Nf3 Nf6 4. Bg5 c6 5. Nbd2 Nbd7 6. e3 Bd6 7. cxd5 exd5 8.
Bd3 O-O 9. O-O Re8 10. Qc2 Nf8 11. Rac1 Ng6 12. a3 h6 13. Bxh6 Ne4 14. Nxe4
dxe4 15. Bxe4 Rxe4 16. Bg5 Qe8 17. g3 Bf5 18. Qb3 Bh3 19. Rfe1 Qd7 20. Nd2 Be6
21. Qc3 Rg4 22. h4 f6 23. Qc2 fxg5 24. Qxg6 gxh4 25. Qh5 b6 26. f3 g6 27. Ne4
Rxg3+ 28. Kf2 gxh5 29. Nf6+ Kf7 30. Nxd7 Bxd7 31. Rh1 Rag8 0-1

[Event "Montcalm II 2014-15"]
[Site "Quebec CAN"]
[Date "2014.10.23"]
[Round "3"]
[White "Bourassa, Andre"]
[Black "Abran, David"]
[Result "1/2-1/2"]
[WhiteElo "1801"]
[BlackElo "1835"]
[PlyCount "104"]
[EventDate "2014.10.09"]
[EventType "tourn"]
[EventRounds "5"]
[EventCountry "CAN"]

1. d4 Nf6 2. c4 e6 3. Nc3 Bb4 4. Bd2 c5 5. e3 d5 6. Nf3 O-O 7. cxd5 cxd4 8.
Nxd4 exd5 9. Bd3 Nc6 10. Nxc6 bxc6 11. O-O Bd6 12. f4 Re8 13. Qc2 Rb8 14. Rac1
Bd7 15. h3 c5 16. b3 Bc6 17. Na4 Bxa4 18. bxa4 c4 19. Bf5 g6 20. Bg4 Ne4 21.
Bf3 Qf6 22. Bxe4 Rxe4 23. Bc3 Qe7 24. Qd2 Bc5 25. Bd4 Rxe3 26. Kh1 Bxd4 27.
Qxd4 Qe4 28. Qxe4 Rxe4 29. Rc2 Rb4 30. a5 d4 31. f5 d3 32. Rcf2 g5 33. Rc1 Re2
34. Rxe2 dxe2 35. Kg1 c3 36. Kf2 Re4 37. Ke1 Re3 38. Rc2 Kg7 39. Rxe2 Rd3 40.
Rc2 Kf6 41. Ke2 Rd2+ 42. Rxd2 cxd2 43. g4 d1=Q+ 44. Kxd1 Ke5 45. Ke2 Ke4 46. a6
Kf4 47. Kf2 f6 48. a3 h6 49. a4 Ke4 50. Ke2 Kd4 51. Kd2 Kc4 52. Ke3 Kc3 1/2-1/2

[Event "Montcalm II 2014-15"]
[Site "Quebec CAN"]
[Date "2014.10.23"]
[Round "3"]
[White "Dube, Daniel"]
[Black "Boulianne, Gabriel"]
[Result "1-0"]
[WhiteElo "1806"]
[BlackElo "1819"]
[PlyCount "99"]
[EventDate "2014.10.09"]
[EventType "tourn"]
[EventRounds "5"]
[EventCountry "CAN"]

1. e4 c6 2. d4 d5 3. exd5 cxd5 4. Nc3 Bf5 5. Bf4 a6 6. g4 Bg6 7. h4 h5 8. g5 e6
9. Nf3 Nc6 10. Ne5 Nxe5 11. Bxe5 Ne7 12. Bd3 Bxd3 13. Qxd3 Nc6 14. g6 Nxe5 15.
dxe5 Qc7 16. gxf7+ Qxf7 17. Rh3 O-O-O 18. Ne2 Bc5 19. Qc3 Qc7 20. b4 Bb6 21.
Qxc7+ Bxc7 22. f4 Rdf8 23. Rg3 Rf7 24. O-O-O Bb6 25. Rg6 Rh6 26. Rxh6 gxh6 27.
Kd2 Bf2 28. Kd3 Rf5 29. Rh1 Kc7 30. Rh2 Be1 31. c3 Kd7 32. Ke3 Rf8 33. Rh1 Bxc3
34. Nxc3 d4+ 35. Kxd4 Rxf4+ 36. Ne4 b6 37. Ke3 Rf5 38. Nf6+ Kc6 39. Ke4 Kb5 40.
a3 Ka4 41. Rh3 a5 42. bxa5 bxa5 43. Nd7 Rf1 44. Nc5+ Kb5 45. Nxe6 Re1+ 46. Kd5
Rd1+ 47. Nd4+ Ka4 48. Re3 Rc1 49. Re4 Kxa3 50. e6 1-0

[Event "Montcalm II 2014-15"]
[Site "Quebec CAN"]
[Date "2014.10.23"]
[Round "3"]
[White "Gaulin, Gaetan"]
[Black "Lamontagne, Danny"]
[Result "1/2-1/2"]
[WhiteElo "1989"]
[BlackElo "1906"]
[PlyCount "90"]
[EventDate "2014.10.09"]
[EventType "tourn"]
[EventRounds "5"]
[EventCountry "CAN"]

1. d4 Nf6 2. c4 c5 3. d5 b5 4. cxb5 a6 5. b6 a5 6. Nc3 Ba6 7. g3 d6 8. Bg2 Nbd7
9. Nf3 g6 10. O-O Bg7 11. Re1 O-O 12. h3 Nxb6 13. e4 Nfd7 14. Qc2 Nc4 15. Bf4
Rb8 16. Rab1 Nce5 17. Rbd1 Nc4 18. Bc1 Nce5 19. Nxe5 Nxe5 20. f4 Nd7 21. Kh2
Qc7 22. Bf1 Bxf1 23. Rxf1 Rb7 24. a4 Nb6 25. Nb5 Qd7 26. b3 Rc8 27. Be3 Na8 28.
Bd2 Nc7 29. Na3 Rcb8 30. Rf3 e6 31. Bxa5 exd5 32. Bxc7 Qxc7 33. Nb5 Rxb5 34.
axb5 dxe4 35. Qxe4 Bd4 36. f5 Qd7 37. fxg6 hxg6 38. Qc6 Qxc6 39. bxc6 Rc8 40.
b4 Rxc6 41. bxc5 dxc5 42. Rb3 Rc7 43. Kg2 Kg7 44. Kf3 Re7 45. Rbd3 Re5 1/2-1/2

[Event "Montcalm II 2014-15"]
[Site "Quebec CAN"]
[Date "2014.10.23"]
[Round "3"]
[White "Marquis, Paul"]
[Black "Bonneau, Daniel"]
[Result "1/2-1/2"]
[WhiteElo "1985"]
[BlackElo "2000"]
[PlyCount "98"]
[EventDate "2014.10.09"]
[EventType "tourn"]
[EventRounds "5"]
[EventCountry "CAN"]

1. c4 Nf6 2. Nc3 e6 3. e4 c5 4. e5 Ng8 5. Nf3 Nc6 6. d4 cxd4 7. Nxd4 Nxe5 8.
Ndb5 a6 9. Nd6+ Bxd6 10. Qxd6 f6 11. Bf4 Ng6 12. Be3 N8e7 13. Bd3 Qa5 14. Bc5
b6 15. Be4 Nf5 16. Qc7 Ra7 17. Qxb6 Qxb6 18. Bxb6 Rb7 19. Bxb7 Bxb7 20. O-O O-O
21. Rad1 Bc6 22. Bc5 Rb8 23. b3 h5 24. Ne2 Ngh4 25. f3 g5 26. Nd4 Nxd4 27. Bxd4
Kf7 28. Bf2 Ng6 29. Rd6 Rb7 30. Re1 g4 31. fxg4 hxg4 32. Rexe6 dxe6 33. Rxc6
Rd7 34. Be3 f5 35. Rxa6 Rd1+ 36. Kf2 f4 37. Bxf4 Nxf4 38. Kg3 Ne2+ 39. Kxg4 Kf6
40. Ra5 Rf1 41. g3 Nd4 42. c5 Nc6 43. Ra4 Ne5+ 44. Kh3 Rc1 45. Rf4+ Kg5 46. b4
Rc2 47. a4 Nd3 48. Rg4+ Kh5 49. Rh4+ Kg5 1/2-1/2

[Event "Montcalm II 2014-15"]
[Site "Quebec CAN"]
[Date "2014.10.23"]
[Round "3"]
[White "Sarra-Bournet, Marc"]
[Black "Ripoll, Arthur"]
[Result "0-1"]
[WhiteElo "1737"]
[BlackElo "1744"]
[PlyCount "52"]
[EventDate "2014.10.09"]
[EventType "tourn"]
[EventRounds "5"]
[EventCountry "CAN"]

1. e4 e5 2. Nf3 Nc6 3. Bb5 Nd4 4. Bc4 Nxf3+ 5. Qxf3 Qf6 6. Qg3 Bc5 7. O-O h5 8.
Nc3 h4 9. Qd3 c6 10. h3 a5 11. a4 Rh6 12. Qe2 Rg6 13. d3 d6 14. Kh2 Nh6 15. Bd2
Ng4+ 16. hxg4 Bxg4 17. f3 Bd7 18. Nd1 O-O-O 19. Bxa5 Rh8 20. Bd2 Rg3 21. Nf2 h3
22. Be3 hxg2+ 23. Kg1 Qh4 24. Ng4 gxf1=Q+ 25. Kxf1 Qh1+ 26. Kf2 Rg2# 0-1